[Event "Bayernliga U20 1617"]
[Site "Bayern"]
[Date "2017.03.11"]
[Round "7.5"]
[White "Ambach Salazar, Fridolin"]
[Black "Zilkens, Finn"]
[Result "1-0"]
[WhiteElo "1550"]
[BlackElo "742"]
[PlyCount "51"]
[EventDate "2016.11.12"]
[EventType "team-tourn"]
[EventRounds "7"]
[EventCountry "GER"]
[SourceTitle "EXT 2022"]
[Source "ChessBase"]
[SourceDate "2021.10.06"]
[SourceVersion "1"]
[SourceVersionDate "2021.10.06"]
[SourceQuality "1"]
[WhiteTeam "Muenchen SO SK U20"]
[BlackTeam "Hoechstadt SC U20"]
[WhiteTeamCountry "GER"]
[BlackTeamCountry "GER"]

1. e4 d6 2. d4 e5 3. c3 c6 4. Nf3 d5 5. exd5 cxd5 6. Nxe5 f6 7. Nf3 Bg4 8. Be2 Bxf3 9. Bxf3 Ne7 10. Qb3 Nbc6 11. Qxb7 Rb8 12. Qa6 Rb6 13. Qd3 Ng6 14. 0-0 Nf4 15. Bxf4 Bd6 16. Re1+ Be7 17. c4 Nb4 18. Qc3 0-0 19. a3 a5 20. cxd5 Nxd5 21. Qc4 g5 22. Bxd5+ Kg7 23. Bc7 Rb4 24. axb4 Qd7 25. Be6 Qe8 26. bxa5 1-0

[Event "Bayernliga U20 1617"]
[Site "Bayern"]
[Date "2017.01.21"]
[Round "5.5"]
[White "Hetzner, Hannes"]
[Black "Ambach Salazar, Fridolin"]
[Result "0-1"]
[WhiteElo "1714"]
[BlackElo "1550"]
[PlyCount "54"]
[EventDate "2016.11.12"]
[EventType "team-tourn"]
[EventRounds "7"]
[EventCountry "GER"]
[SourceTitle "EXT 2022"]
[Source "ChessBase"]
[SourceDate "2021.10.06"]
[SourceVersion "1"]
[SourceVersionDate "2021.10.06"]
[SourceQuality "1"]
[WhiteTeam "Erlangen SC U20"]
[BlackTeam "Muenchen SO SK U20"]
[WhiteTeamCountry "GER"]
[BlackTeamCountry "GER"]

1. e4 e5 2. Nf3 Nc6 3. Bb5 a6 4. Bxc6 dxc6 5. 0-0 Bd6 6. d4 Qe7 7. Nbd2 Nf6 8. dxe5 Bxe5 9. Nc4 Nd7 10. Nd4 0-0 11. Nf5 Qf6 12. Qg4 Nc5 13. Bg5 Qe6 14. Bh6 Qxc4 15. f4 Bxf5 16. exf5 Bxb2 17. c3 Bxc3 18. Rac1 Qd4+ 19. Kh1 Ne4 20. h4 Qf6 21. Rxc3 Qxc3 22. Rf3 Qf6 23. Bg5 Nxg5 24. fxg5 Qa1+ 25. Kh2 f6 26. gxf6 Qxf6 27. Rg3 Rad8 0-1

[Event "Landesliga U20 Sued 1415"]
[Site "Bayern"]
[Date "2015.01.24"]
[Round "4.2"]
[White "Ambach Salazar, Fridolin"]
[Black "Goldbeck, Lars"]
[Result "0-1"]
[WhiteElo "1569"]
[BlackElo "1930"]
[PlyCount "58"]
[EventDate "2014.11.15"]
[EventType "team-tourn"]
[EventRounds "7"]
[EventCountry "GER"]
[SourceTitle "EXT 2022"]
[Source "ChessBase"]
[SourceDate "2021.10.06"]
[SourceVersion "1"]
[SourceVersionDate "2021.10.06"]
[SourceQuality "1"]
[WhiteTeam "Muenchen Suedost SK U20 II"]
[BlackTeam "Vaterstetten Grasbrunn U20"]
[WhiteTeamCountry "GER"]
[BlackTeamCountry "GER"]

1. e4 c5 2. Nf3 d6 3. Bc4 e6 4. Nc3 Ne7 5. d4 cxd4 6. Nxd4 Nbc6 7. Ncb5 a6 8. Nxe6 Bxe6 9. Nxd6+ Qxd6 10. Qxd6 Bxc4 11. b3 Rd8 12. Qg3 Be6 13. 0-0 Ng6 14. f4 Bd6 15. Qe3 Bc8 16. e5 Bb8 17. Kh1 0-0 18. Bb2 Nge7 19. Qc3 Nd5 20. Qg3 Nce7 21. Rae1 Nf5 22. Qf3 Ba7 23. g4 Nfe3 24. Rf2 Bxg4 25. Qg3 Bf5 26. Qf3 Ng4 27. Rd2 Nde3 28. Rxd8 Rxd8 29. h3 Be4 0-1

[Event "Sachsen-ch U12"]
[Site "Sebnitz"]
[Date "2013.04.05"]
[Round "6"]
[White "Zienert, Richard"]
[Black "Ambach Salazar, Fridolin"]
[Result "1-0"]
[WhiteElo "1769"]
[BlackElo "1370"]
[PlyCount "71"]
[EventDate "2013.04.02"]
[EventType "swiss"]
[EventRounds "7"]
[EventCountry "GER"]
[SourceTitle "EXT 2014"]
[Source "ChessBase"]
[SourceDate "2013.11.20"]
[SourceVersion "1"]
[SourceVersionDate "2013.11.20"]
[SourceQuality "1"]

1. e4 e5 2. Nf3 Nc6 3. Bb5 a6 4. Ba4 Nf6 5. 0-0 Be7 6. Re1 d6 7. c3 Bd7 8. d4 exd4 9. cxd4 0-0 10. Nc3 Re8 11. Bc2 Bg4 12. Be3 Qd7 13. h3 Bxh3 14. gxh3 Qxh3 15. Nh2 Nd7 16. Nd5 Bd8 17. Nf4 Qh4 18. Qg4 Qxg4+ 19. Nxg4 Bg5 20. Nd5 Bd8 21. Rac1 Na7 22. Bd3 c6 23. Nc3 Re6 24. e5 dxe5 25. Bf5 Re7 26. Nxe5 Nxe5 27. dxe5 Bc7 28. f4 g6 29. Bh3 h5 30. Ne4 Kh8 31. Bc5 Rae8 32. Rcd1 Ba5 33. b4 Bc7 34. Rd7 Nb5 35. a4 Nd4 36. Rxd4 1-0